Statistics for 10 Asian Countries with the Most Tourists

Click here to take the quiz!

General Stats

  • This quiz has been taken 60,118 times
    (43,363 since last reset)
  • The average score is 8 of 10

Answer Stats

# ArrivalsCountry% Correct
62.9 mChina
100%
31.1 mJapan
98%
17.4 mIndia
96%
38.3 mThailand
91%
15.3 mSouth Korea
89%
15.5 mVietnam
83%
25.8 mMalaysia
71%
45.8 mTurkey
71%
15.9 mUnited Arab Emirates
68%
15.3 mSaudi Arabia
66%

Score Distribution

Percentile by Number Answered

Percent of People with Each Score

Your Score History

You have not taken this quiz since the last reset